| 000 | 00766nam a22001815i 4500 | ||
|---|---|---|---|
| 001 | 156183 | ||
| 003 | ES-MaACL | ||
| 005 | 20230906210335.0 | ||
| 008 | 020419s1880 sp |||| | spa d | ||
| 040 |
_aCAM _bspa _cCAM |
||
| 100 | 1 |
_aJackson Veyán, José. _965824 |
|
| 245 | 1 | 0 |
_aPor un angel _b: comedia en un acto y en verso / _coriginal de José Jackson Veyan. |
| 260 |
_aMadrid : _b[s.n.], _c1880 ( _fimprenta de José Rodriguez) |
||
| 300 |
_a40 p. ; _c20 cm. |
||
| 500 | 1 | _aEstrenado en el teatro Martín, en la noche del 19 de febrero de 1880. | |
| 596 | 1 | _aEn verso de port. consta: "... de la Galería lírico-dramática titulada el Teatro, de los Hijos de A. Gullón ..." | |
| 852 |
_aES-MaACL _jF-4094(4) _z-- Enc. hol. _q-- Falto de la cub. original |
||
| 999 |
_c156183 _d156183 |
||